EU farming proposals (Record no. 71244)

MARC details
000 -LEADER
fixed length control field 01241cam a2200229 4500
001 - CONTROL NUMBER
control field WB3835-22
008 - FIXED-LENGTH DATA ELEMENTS--GENERAL INFORMATION
fixed length control field 020926n2002 000 0 eng u
035 ## - SYSTEM CONTROL NUMBER
System control number (Sirsi) u119871
245 ## - TITLE STATEMENT
Title EU farming proposals
260 ## - PUBLICATION, DISTRIBUTION, ETC.
Date of publication, distribution, etc. 2002
490 ## - SERIES STATEMENT
Series statement RICS Press Release
Volume/sequential designation (115) 26 September 2002, (2)
520 ## - SUMMARY, ETC.
Summary, etc. Key rural organisations meet at RICS headquarters to discuss proposals for reform of the Common Agricultural Policy. Recent research by Harper Adams agricultural college into the suggestions has shown Britain's larger farms will be hardest hit by the proposals. Moving as little as 6% of farmer subsidies to rural development measures will be enough to harm farm incomes. For the RICS Press Release: http://www.rics.org/ricscms/bin/show?class=PressRelease&template=/includes/showpr.html&id=817 For the 'Impact of Modulation Research Report' http://www.rics.org/ricscms/bin/show?class=ResearchReports&template=/includes/showresearch.html&id=29
590 ## - LOCAL NOTE (RLIN)
Local note WB
650 ## - SUBJECT ADDED ENTRY--TOPICAL TERM
Topical term or geographic name entry element EUROPEAN UNION
650 ## - SUBJECT ADDED ENTRY--TOPICAL TERM
Topical term or geographic name entry element FARMING POLICIES
650 ## - SUBJECT ADDED ENTRY--TOPICAL TERM
Topical term or geographic name entry element FARM SUBSIDIES
650 ## - SUBJECT ADDED ENTRY--TOPICAL TERM
Topical term or geographic name entry element FARM INCOMES
650 ## - SUBJECT ADDED ENTRY--TOPICAL TERM
Topical term or geographic name entry element SCOTTISH AGRICULTURAL COLLEGE
650 ## - SUBJECT ADDED ENTRY--TOPICAL TERM
Topical term or geographic name entry element COMMON AGRICULTURAL POLICY
690 ## - LOCAL SUBJECT ADDED ENTRY--TOPICAL TERM (OCLC, RLIN)
Topical term or geographic name as entry element RURAL-AGRICULTURE AND FORESTRY
942 ## - ADDED ENTRY ELEMENTS (KOHA)
Suppress in OPAC 0
Holdings
Withdrawn status Lost status Source of classification or shelving scheme Damaged status Not for loan Home library Current library Shelving location Date acquired Total Checkouts Full call number Barcode Date last seen Copy number Price effective from Koha item type
    Dewey Decimal Classification     London London News article 26/09/2002   WB3835-22 119871-1001 06/08/2019 1 06/08/2019 News article